000 00564cam a22002053a 4500
001 34046
003 PGUSA
005 20140828083732.0
008 101008s2010||||xxu|||||s|||||000 | eng d
040 _aPGUSA
_beng
042 _adc
100 1 _aLeverage, Henry,
_d1885-
245 1 0 _aWhispering Wires
_h[electronic resource] /
_cHenry Leverage
260 _bProject Gutenberg,
_c2010
506 _aPublic domain in the USA.
516 _aElectronic text
830 0 _aProject Gutenberg
_v34046
856 4 0 _uhttp://www.gutenberg.org/ebooks/34046
942 _cEB
999 _c263301
_d263301